[Event "Reunion op 14th"]
[Site "St Denis"]
[Date "2012.10.13"]
[Round "9"]
[White "Karcher, Roger"]
[Black "Singuina, Yvan Vincent Gerard"]
[Result "0-1"]
[WhiteElo "1570"]
[BlackElo "1350"]
[PlyCount "41"]
[EventDate "2012.10.06"]
[EventType "swiss"]
[EventRounds "9"]
[EventCountry "RUF"]
[SourceTitle "EXT 2013"]
[Source "ChessBase"]
[SourceDate "2012.11.22"]
[SourceVersion "1"]
[SourceVersionDate "2012.11.22"]
[SourceQuality "1"]

1. c4 e5 2. g3 Nf6 3. b3 Nc6 4. Nc3 Bc5 5. Bg2 d6 6. Bb2 Bf5 7. d3 Qd7 8. a3 a6 9. e3 0-0 10. b4 Ba7 11. Nf3 h6 12. h4 Rfe8 13. Ng1 Qe6 14. Qd2 e4 15. dxe4 Nxe4 16. 0-0-0 Qxc4 17. Qd5 Qxd5 18. Nxd5 Nxf2 19. Nxc7 Nxh1 20. Nxa8 Bxe3+ 21. Rd2 0-1

[Event "Reunion op 14th"]
[Site "St Denis"]
[Date "2012.10.11"]
[Round "6"]
[White "Singuina, Yvan Vincent Gerard"]
[Black "Ringayen, Rose May"]
[Result "0-1"]
[WhiteElo "1350"]
[BlackElo "1567"]
[PlyCount "48"]
[EventDate "2012.10.06"]
[EventType "swiss"]
[EventRounds "9"]
[EventCountry "RUF"]
[SourceTitle "EXT 2013"]
[Source "ChessBase"]
[SourceDate "2012.11.22"]
[SourceVersion "1"]
[SourceVersionDate "2012.11.22"]
[SourceQuality "1"]

1. Nf3 Nc6 2. c4 e5 3. Nc3 Nf6 4. d3 Bb4 5. Bd2 Bxc3 6. Bxc3 d6 7. g3 Bf5 8. Bg2 0-0 9. Qb3 Rb8 10. 0-0 Qd7 11. Nh4 Bh3 12. Rfd1 Bxg2 13. Kxg2 Rfe8 14. e3 Qg4 15. d4 e4 16. d5 Ne5 17. Bxe5 Rxe5 18. Kg1 g5 19. Ng2 Qh3 20. c5 Ng4 21. Kf1 Rf5 22. f4 exf3 23. cxd6 Qxg2+ 24. Ke1 Qe2# 0-1

[Event "Reunion op 14th"]
[Site "St Denis"]
[Date "2012.10.06"]
[Round "1"]
[White "Singuina, Yvan Vincent Gerard"]
[Black "Duprey, Francois Xavier"]
[Result "0-1"]
[WhiteElo "1350"]
[BlackElo "1792"]
[PlyCount "80"]
[EventDate "2012.10.06"]
[EventType "swiss"]
[EventRounds "9"]
[EventCountry "RUF"]
[SourceTitle "EXT 2013"]
[Source "ChessBase"]
[SourceDate "2012.11.22"]
[SourceVersion "1"]
[SourceVersionDate "2012.11.22"]
[SourceQuality "1"]

1. e4 c5 2. Nf3 d6 3. Bc4 Nc6 4. h3 Nf6 5. d3 g6 6. Bd2 Bg7 7. 0-0 0-0 8. Nc3 Na5 9. Bb5 a6 10. Bc4 b5 11. Bb3 Nxb3 12. axb3 b4 13. Na2 Bb7 14. Re1 Nd7 15. d4 a5 16. c3 Qb6 17. Qc2 Rfc8 18. Be3 cxd4 19. Bg5 e6 20. Rad1 dxc3 21. bxc3 bxc3 22. Be7 d5 23. e5 Nxe5 24. Nxe5 Qc7 25. Nxg6 hxg6 26. Bg5 d4 27. Qd3 Qc6 28. Qg3 Qb5 29. h4 Bd5 30. h5 Bxb3 31. Rb1 Rc5 32. f4 Qc4 33. hxg6 Bxa2 34. Rbc1 d3 35. gxf7+ Kxf7 36. f5 Rxf5 37. Rf1 Bd4+ 38. Kh1 Rh8+ 39. Bh4 Bf6 40. Rxf5 Qxh4+ 0-1

[Event "Reunion op 13th"]
[Site "St Denis"]
[Date "2011.10.02"]
[Round "3"]
[White "Singuina, Yvan Vincent Gerard"]
[Black "Sandjivy, Vivien"]
[Result "1-0"]
[WhiteElo "1220"]
[BlackElo "1080"]
[PlyCount "57"]
[EventDate "2011.10.01"]
[EventType "swiss"]
[EventRounds "9"]
[EventCountry "RUF"]
[SourceTitle "EXT 2012"]
[Source "ChessBase"]
[SourceDate "2011.11.24"]
[SourceVersion "1"]
[SourceVersionDate "2011.11.24"]
[SourceQuality "1"]

1. e4 e5 2. Nf3 Nc6 3. Bb5 d6 4. Bxc6+ bxc6 5. d3 Nf6 6. Nc3 Bg4 7. h3 Bxf3 8. Qxf3 g6 9. Bg5 Bg7 10. Rd1 0-0 11. d4 exd4 12. Rxd4 d5 13. 0-0 Qc8 14. Bxf6 Bxf6 15. Qxf6 Rd8 16. exd5 Rd6 17. Qf4 Rf6 18. Qxf6 cxd5 19. Nxd5 Qd7 20. Qe7 Qd8 21. Nf6+ Kg7 22. Rxd8 Rxd8 23. Qxd8 c6 24. g4 a6 25. f4 c5 26. f5 gxf5 27. Rxf5 c4 28. Qg8+ Kh6 29. Qg5# 1-0